000 00910nas a2200289 4500
001 BR2018000897
003 BR-BrBNA
005 20231205131317.0
007 ta
008 230509b bl.|||p| |||| 00| 00por d
040 _aBR-BrBNA
_bpor
_cBiblioteca Nacional de Agricultura
041 _a(En)
072 _aH10
100 1 _aHaas, J.
100 1 _aBarbosa, L.R.
100 1 _aPotrich, M.
100 1 _aLozano, E.R.
100 1 _aMazaro, S.M.
245 1 _aOviposition behaviour of Cleruchoides noackae (Hymenoptera: Mymaridae)in the laboratory
650 _aEUCALIPTO
650 _aPRAGA DE PLANTA
650 _aCONTROLE BIOLÓGICO
773 0 _tFloresta e Ambiente (Brazil)
_xISSN 2179-8087
_g(2018), v. 25(1) p. 1-4
_wBR2018000897
856 4 0 _uhttp://www.scielo.br/pdf/floram/v25n1/2179-8087-floram-25-1-e00148115.pdf
909 _a202311
_bLúcia
_c55
_dLúcia Elande
942 _2AGRIS
_n0
_cANA
999 _c254112
_d254112